000 00922nam a2200265 a 4500
001 68589
003 BD-RjUL
005 20211209081805.0
008 980416s1998 enk 101 0 eng
020 _a0851992951 (alk. paper)
035 _a(BD-RjUL)68799
040 _aDLC
_cDLC
_dDLC
_beng
041 _aeng
082 0 0 _223
_a631.52
_bAGR 1998
245 1 0 _aAgricultural values of plant genetic resources /
_cedited by R.E. Evenson, D. Gollin, and V. Santaniello.
260 _aWallingford, UK ;
_aNew York :
_bCAB International,
_c1998.
300 _axvi, 285 p. ;
_c25 cm.
504 _aIncludes bibliographical references and index.
650 0 _aGermplasm resources, Plant
_xCongresses.
_9203303
650 0 _aPlant breeding
_xCongresses.
_9203304
700 1 _aEvenson, Robert E.
_q(Robert Eugene),
_d1934-
_9203305
700 1 _aGollin, Douglas.
_9203306
700 1 _aSantaniello, V.
_9160112
942 _2ddc
_cBK
999 _c68589
_d68589